Estadísticas para Prueba de Palaos

Haz click aquí para tomar la prueba!

Estadísticas generales

  • Esta prueba ha sido tomada 636 veces
  • La puntuación promedio es 7 de 13

Estadísticas de respuestas

PreguntaRespuesta% Correcto
Idiomas oficialesInglés
94%
Subregión de Oceanía de la que Palaos forma parte{Micro}nesia
92%
País del que Palaos se independizó en 1994Estados Unidos
83%
País que tomó las islas en 1914 y las mantuvo hasta 1944Japón
79%
País que colonizó Palaos de 1574 a 1898España
73%
El país que compró las islas en 1898, manteniéndolas hasta 1914Alemania
62%
El 55% de los habitantes de Palaos son ____, el segundo más alto de cualquier país (después de Nauru)Obeso
60%
Capital de PalaosNgerulmud
52%
Lago con millones de criaturas marinas que han perdido su capacidad de picarLago de las {Medusas}
37%
En 2009, Palaos creó el primer santuario para proteger a estas criaturas marinasTiburones
33%
Idiomas oficialesPalauano
27%
La isla más pobladaKoror
22%
El sitio del Patrimonio Mundial de la UNESCO que consiste en doscientas pequeñas islas boscosasIslas {Chelbacheb}
13%

Distribución de puntuación

Porcentaje por número respondido

Porcentaje de gente con cada puntuación

Historial de tus puntuaciones

No has tomado esta prueba